Ľudský faktor v projektovom riadení : Bakalárska práca

Salvato in:
Dettagli Bibliografici
Autore principale: Krajčovičová, Stanislava (Autore)
Altri autori: Černá, Ľubica, 1967- (xxx)
Natura: Manoscritto Libro
Lingua:slovacco
Pubblicazione: Trnava : STU v Bratislave MtF KPIM, 2005
Soggetti:
Tags: Aggiungi Tag
Nessun Tag, puoi essere il primo ad aggiungerne!!

MARC

LEADER 00000ntm a22000003a 4500
001 stu96097
005 20160719155310.7
008 051014s2005----xo------------------slo-d
040 |a STU  |b slo 
041 0 |a slo 
044 |a xo 
100 1 |a Krajčovičová, Stanislava  |4 aut 
245 1 |a Ľudský faktor v projektovom riadení :  |b Bakalárska práca 
260 |a Trnava :  |b STU v Bratislave MtF KPIM,  |c 2005 
300 |a 65 s  |c príl., 1 CD 
650 7 |a priemyselné inžinierstvo a manažment  |2 stusub 
650 7 |a projektové riadenie  |2 stusub 
700 1 |a Černá, Ľubica,  |d 1967-  |4 xxx  |u M4000  |U MTF Materiálovotechnologická fakulta  |T MTF Ústav priemyselného inžinierstva a manažmentu  |X 2813  |U M4000  |Y 84  |7 A000002813 
996 |b 284M063039  |c M*BP-1361  |l MMSKP  |s P  |a 0  |w stu96097_0001